Top 10 quickest bikes in the world! - Statistics

General Stats
  • This quiz has been taken 220 times
  • The average score is 5 of 10
Answer Stats
# Speed Brand Make % Correct
2 249 mph Kawasaki Ninja H-2R
97%
8 186 mph Yamaha YZF R1
79%
4 208 mph Kawasaki Ninja ZX14R
68%
7 190 mph Honda CBR1100XX Super Blackbird
61%
5 194 mph Suzuki Hayabusa
58%
10 175 mph Aprilia RSV 1000R Mille
42%
9 184 mph MV Agusta F4 1000R
39%
1 420 mph Dodge Tomahawk
28%
6 190 mph Ducati 1299 Superleggera
15%
3 227 mph MTT Turbine Superbike Y2K
10%
No matching quizzes found
Score Distribution
Percent of People with Each Score
Percentile by Number Answered
Your Score History
You have not taken this quiz